Jenayah lumba haram

Bibliographic Details
Main Author: Muhamad Ismail Ahmad
Format: Book
Published: Selangor : Flo Enterprise , 2006
Series:Siri OPS jenayah
Subjects:

MARC

LEADER 00000cam a2200000 7i4500
001 0000004478
005 20151222.0
008 070727
020 |a 9679715337 
020 |a 9679715345(set) 
090 0 0 |a JF   |b MOR MAL (4759) 
100 0 |a Muhamad Ismail Ahmad 
245 1 0 |a Jenayah lumba haram   |c Muhamad Ismail Ahmad ;Suziana Che Wil 
260 |a Selangor :   |b Flo Enterprise ,   |c 2006 
440 |a Siri OPS jenayah 
500 |a Children ages 7-9 years old (orange) 
650 0 |a Junior fiction   |x Malay   |x Languages 
650 0 |a Moral 
999 |a 0000917877   |b Book   |c Children Collection   |e Cawangan Bukit Gambir 
999 |a 0000917878   |b Book   |c Children Collection   |e Cawangan Bukit Gambir 
999 |a 0000917879   |b Book   |c Children Collection   |e Cawangan Bukit Gambir 
999 |a 0000928461   |b Book   |c Children Collection   |e Cawangan Tangkak 
999 |a 0000928462   |b Book   |c Children Collection   |e Cawangan Tangkak 
999 |a 0000928463   |b Book   |c Children Collection   |e Cawangan Tangkak 
999 |a 0000976597   |b Book   |c Children Collection   |e Perbadanan Perpustakaan Awam Johor 
999 |a 0000976598   |b Book   |c Children Collection   |e Cawangan Mersing 
999 |a 0000976599   |b Book   |c Children Collection   |e Cawangan Kota Tinggi 
999 |a 0000976600   |b Book   |c Children Collection   |e Perbadanan Perpustakaan Awam Johor 
999 |a 0000976601   |b Book   |c Children Collection   |e Cawangan Bandar Penawar 
999 |a 00917877   |b Book   |c Children Collection   |e Cawangan Bukit Gambir 
999 |a 00917878   |b Book   |c Children Collection   |e Cawangan Bukit Gambir 
999 |a 00917879   |b Book   |c Children Collection   |e Cawangan Bukit Gambir